00481nam a22001937a 450000500170000001000130001702000100003003500130004003700160005304000120006908200130008110000170009424500330011126000410014427000380018530000250022350000240024865000150027220170124110053.0 aA-317655 c23.00 aA-317655 bCen Lib/Ret aDPLbEN a635bCHO aChoudhury, B aVegitables /cby B Choudhury aNew DelhibNational Book Trustc1976 aA-5 Green ParkbNew Delhie110016 axii,195p. c20cm(Hb) aIncludes index  aVegitables